000 00523nam a22001577a 4500
003 macl
005 20190420130209.0
008 190420b xxu||||| |||| 00| 0 eng d
040 _cmacl
082 _a800/SUB
100 _aसुभद्रा कुमारी चौहान
_974306
245 _aमेरी कहानियॉं मेरी कविताऍं
260 _aदिल्‍ली
_bआकृति प्रकाशन
_c2018
650 _aरचनावली
_9163
942 _2ddc
_cHIN
999 _c59374
_d59374